| 000 -LEADER |
| fixed length control field |
00423nam a22001337a 4500 |
| 020 ## - INTERNATIONAL STANDARD BOOK NUMBER |
| ISBN |
0851117430 |
| 050 ## - LIBRARY OF CONGRESS CALL NUMBER |
| Classification number |
BS 1235.2 ess |
| 245 ## - TITLE STATEMENT |
| Title |
ESSAYS on the patriarchal narratives |
| 260 ## - PUBLICATION, DISTRIBUTION, ETC. (IMPRINT) |
| Place of publication |
Leicester |
| Name of publisher |
Inter- Varsity Press |
| Year of publication |
1980 |
| 300 ## - PHYSICAL DESCRIPTION |
| Number of Pages |
224p.;includes, bibliographical references & index |
| 650 ## - SUBJECT ADDED ENTRY--TOPICAL TERM |
| Topical Term |
1. Bible Old Testament, Genesis 2. Patriarchs (Bible) |
| 700 ## - ADDED ENTRY--PERSONAL NAME |
| Personal name |
WISEMAN DJ.; MILLARD, A.R. |
| 942 ## - ADDED ENTRY ELEMENTS (KOHA) |
| Koha item type |
Books |